Loading...
| Any History | 7 | 15.71 | 100% | 57% | 0% |
| Current Events | 5 | 26.00 | 100% | 100% | 60% |
| Fine Arts - Classical Music | 7 | 12.86 | 100% | 29% | 0% |
| Fine Arts - Other | 9 | 17.78 | 100% | 78% | 0% |
| Geography | 4 | 17.50 | 100% | 75% | 0% |
| History - American | 7 | 12.86 | 71% | 57% | 0% |
| History - European | 7 | 17.14 | 86% | 71% | 14% |
| History - World | 7 | 10.00 | 100% | 0% | 0% |
| Literature - American | 8 | 15.00 | 100% | 50% | 0% |
| Literature - British | 6 | 15.00 | 100% | 50% | 0% |
| Literature - European | 5 | 14.00 | 80% | 60% | 0% |
| Literature - World | 11 | 15.45 | 91% | 55% | 9% |
| Mythology | 8 | 11.25 | 75% | 38% | 0% |
| Other Academic | 6 | 18.33 | 100% | 67% | 17% |
| Painting & Sculpture | 4 | 12.50 | 75% | 25% | 25% |
| Philosophy | 8 | 17.50 | 100% | 75% | 0% |
| Religion | 8 | 16.25 | 100% | 63% | 0% |
| Science - Biology | 12 | 15.83 | 100% | 58% | 0% |
| Science - Chemistry | 11 | 12.73 | 91% | 36% | 0% |
| Science - Other | 6 | 20.00 | 100% | 100% | 0% |
| Science - Physics | 6 | 23.33 | 100% | 83% | 50% |
| Social Science | 5 | 18.00 | 100% | 60% | 20% |